El problema de la educación: en la historia del pensamiento occidental
Saved in:
| Hovedforfatter: | |
|---|---|
| Format: | Bog |
| Sprog: | spansk |
| Udgivet: |
Barcelona
Luis Miracle
1957
|
| Serier: | Biblioteca Filosófica
|
| Fag: | |
| Tags: |
Tilføj Tag
Ingen Tags, Vær først til at tagge denne postø!
|
MARC
| LEADER | 00000nam a2200000 a 4500 | ||
|---|---|---|---|
| 001 | UCW6516 | ||
| 003 | CL-VaPUC | ||
| 008 | 920326e19570000SP |||||||||||||||||spa|d | ||
| 082 | 0 | 4 | |a 370.1 |b SCI |2 21 |
| 100 | 0 | |a Sciacca, Michele Federico |e author |9 311539 | |
| 245 | 1 | 3 | |a El problema de la educación: en la historia del pensamiento occidental |
| 300 | |a 533 p | ||
| 942 | |c BK | ||
| 945 | |d 19920326 00:00:00 | ||
| 260 | |a Barcelona |b Luis Miracle |c 1957 | ||
| 650 | 0 | |a Filosofía de la educación |9 258384 | |
| 583 | |a last modification |c 19920326 00:00:00 |k Rodrigo Vera | ||
| 490 | 0 | |a Biblioteca Filosófica | |
| 999 | |c 219547 |d 219545 | ||
| 952 | |0 0 |1 0 |4 0 |6 370_100000000000000_SCI_1957 |7 0 |8 P |9 210606 |a BIBEDU |b BIBEDU |c BIBEDU_PB |d 2019-11-15 |i 2787547 |o 370.1 SCI 1957 |p 2787547 |r 2024-01-25 |w 2019-11-15 |y BK |k EDU | ||
| 952 | |0 0 |1 0 |4 0 |6 370_100000000000000_SCI_1957 |7 0 |8 P |9 210607 |a BIBEDU |b BIBEDU |c BIBEDU_PB |d 2019-11-15 |i 2787571 |o 370.1 SCI 1957 |p 2787571 |r 2024-01-25 |w 2019-11-15 |y BK |k EDU | ||